000 00396nam a2200157Ia 4500
003 IQ-KOUCL
041 _aArabic
082 _a956,2 cut-594 ق
100 _a20260118u\\\\\\\\\\\y0engy0103\\\\ba
100 _aسمير قصير
245 0 _aتاريخ بيروت
250 _aط1
260 _bدار النهار للنشر
_aبيروت - لبنان
_c2023
300 _a692
942 _cBk
999 _c187248
_d187248